| 000 | 00381nam a22001577a 4500 | ||
|---|---|---|---|
| 003 | SGT | ||
| 020 | _a9788131246986 | ||
| 082 |
_a617.645 _bM16D |
||
| 100 | _aMCDONALD, DEAN | ||
| 245 | _aDENTISTRY FOR THE CHILD AND ADOLESCENT | ||
| 250 | _a1ST SOUTH ASIA EDITION | ||
| 260 |
_aNEW DELHI _bELSEVIER INDIA _c2016 |
||
| 300 | _a700 | ||
| 650 | _aPEDODONTICS | ||
| 942 |
_2ddc _cBK _028 |
||
| 999 |
_c12313 _d12313 |
||